| 000 | 00592nam a2200181 u 4500 | ||
|---|---|---|---|
| 001 | 000333189 | ||
| 003 | AM-YeHGA | ||
| 005 | 20250618072103.0 | ||
| 008 | 040510s1903 ||| r 000 0 arm d | ||
| 040 | _aAM-YeHGA | ||
| 041 | 0 | _aarm | |
| 100 | 1 |
_aՇիրվանզադե, Ալեքսանդր Մինասի, _d1858-1935 _91334 |
|
| 245 | 1 | 0 |
_aԵւգինէ : _bԴրամա 3 գործողութեամբ / _cՇիրվանզադէ. |
| 260 |
_aԹիֆլիս : _bՎերեիչեւ եւ Կամենմախեր, _c1903. |
||
| 300 | _a76 էջ | ||
| 650 | 1 | 4 | _aՀայ գրականություն |
| 090 | _c126540 | ||
| 999 |
_c125185 _d125185 |
||